00492nam a22001577a 4500003000400000005001700004008004100021020001800062050002200080082002600102100002200128245010300150260004700253300002800300562000600328OSt20140310181750.0130626t xxu||||| |||| 00| 0 eng d a9789716220025 aGN 671b.J63 2003 aFIL 301.21 bJ58 2003 aJocano, F. Landa  aFilipino indigenous ethnic communities : bpatterns, variations and typologies /cF. Landa Jocano. aManila : bPunlad Research House, cc1998. aviii, 223 p. : c23 cm. e1